Представление документа в формате RUSMARC

ПолеНазваниеЗначение
  Тип записи a
  Библиографический уровень c
001 Контрольный номер RU/IS/BASE/503074185
005 Дата корректировки 20201206204422.6
010 Индекс ISBN __
a ISBN 5-7140-1044-2
d Цена 103-50
101 Язык документа __
a Язык текста rus
c Язык оригинала rus
200 Заглавие и сведения об ответственности 1_
a Заглавие С новым годом!
e Сведения, относящиеся к заглавию сценарии, песни, стихи, игры для детей дошкольного возраста
f Первые сведения об ответственности [сост. Т. В. Захарова]
b Общее обозначение материала Текст
210 Выходные данные __
a Место издания М.
c Издательство Музыка
d Дата издания 2003
215 Физическое описание __
a Объем 46, [1] с.
225 Серия __
a Серия Праздники в детском саду
330 Аннотация __
a Аннотация Для подготовки новогодних утренников и праздников.
606 Тематические рубрики __
a Основная рубрика Музыка и зрелищные искусства
a Основная рубрика Художественная самодеятельность
610 Ключевые слова __
a Ключевые слова сценарии; праздники; Новый год; развлечения; утренники; дошкольное воспитание; новогодние праздники; новогодние представления
686 Индексы других классификаций __
a Классификационный индекс ст85.34
702 Вторичная интеллектуальная ответственность _1
a Фамилия Захарова
b Имя Т. В.
4 Код отношения Составитель
4 Код отношения 220
801 Источник записи _0
a Страна RU
b Организация Муниципальное бюджетное учреждение культуры "Централизованная библиотечная система" г. Сургут (Центральная городская библиотека им. А. С. Пушкина)
g Правила каталогизации КиК/Поспелова
801 Источник записи _1
a Страна RU
b Организация Муниципальное бюджетное учреждение культуры "Централизованная библиотечная система" г. Сургут (Центральная городская библиотека им. А. С. Пушкина)
g Правила каталогизации КиК/Поспелова
852 Данные о местонахождении __
j Шифр хранения ст85.34
c Каталожный индекс ст85.34
i Авторский знак С 11
901 Тип документа 1_
t Тип документа x
903 Характеристики (МАРС) __
a Дата передачи 20060919
969 Тип издания __
a Тип издания сборник
990 Данные о заказе (DOS) __
j Количество экземпляров (DOS) 1
h N записи в КСУ для Б/У (DOS) 200610